Loading...

Remote sensing and global environmental change /

Bibliographic Details
Main Author: Purkis, Samuel J.
Other Authors: Klemas, V.
Format: Printed Book
Language:English
Published: Chichester, West Sussex, UK ; Hoboken, N.J. : Wiley-Blackwell, 2011.
Subjects:
LEADER 01187cam a2200277 a 4500
008 101015s2011 enkab b 001 0 eng
010 |a  2010043279 
015 |a GBB0B4151  |2 bnb 
016 7 |a 015654596  |2 Uk 
020 |a 9781444339352 (cloth) 
020 |a 9781405182256 (pbk.) 
035 |a (OCoLC)ocn672278453 
082 0 0 |a 550.284  |2 22 
100 1 |a Purkis, Samuel J. 
245 1 0 |a Remote sensing and global environmental change /  |c Samuel Purkis and Victor Klemas. 
260 |a Chichester, West Sussex, UK ;  |a Hoboken, N.J. :  |b Wiley-Blackwell,  |c 2011. 
300 |a xi, 367 p. :  |b ill. (some col.), maps (chiefly col.) ;  |c 25 cm. 
504 |a Includes bibliographical references (p. [316]-360) and index. 
650 0 |a Global environmental change  |x Remote sensing. 
650 0 |a Environmental monitoring  |x Remote sensing. 
700 1 |a Klemas, V. 
942 |c BK 
906 |a 7  |b cbc  |c orignew  |d 1  |e ecip  |f 20  |g y-gencatlg 
955 |b re04 2010-10-15  |i re04 2010-10-15  |a rj07 2011-06-18 1 copy rec'd., to CIP ver. 
999 |c 95964  |d 95964 
952 |0 0  |1 0  |4 0  |6 550_284000000000000_PUR_R  |7 0  |9 95841  |a UL  |b UL  |c ST1  |d 2011-11-14  |g 0.00  |l 7  |m 1  |o 550.284 PUR/R  |p 86101  |r 2019-05-17  |s 2019-03-12  |v 4517.50  |y BK